000 00939cam a2200325 i 4500
001 0000489
003 DO-SdBNP
005 20230427125815.0
007 0000489
008 100514s 2008 ag || 000 f spa
015 _a
017 _a
_b
020 _a9789500815208
035 _a
040 _aBPMSU
_bspa
_cBPMSU
_e
080 _a
082 4 _a892.73
_bS599m 2008
_222
100 1 _aSimonini de Fuentes, Ángela
245 1 4 _aLas mil y una noches /
_cadaptación Ángela Simonini de Fuentes ; ilustración Fernando Molinari
_h
250 _a10a. ed.
260 _aBuenos Aires:
_bAtlántida,
_c2008.
300 _a182 p.:
_c20 m
490 0 _aNueva biblioteca Billiken,
_v9
650 4 _a Cuentos juveniles árabes
650 4 _aLiteratura juvenil arabe
700 1 _aMolinari, Fernando
_eil.
700 1 2 _aSimonini de Fuentes, Ángela
_eadap.
910 _aVMateo V. Control de calidad (BPMSU)
942 _2ddc
_cBK
999 _c10716
_d10716